[Event "Campeonato España Sub 12"]
[Site "Salobreña"]
[Date "2017.07.14"]
[Round "8"]
[White "Bernado Lopez, Roger"]
[Black "Perez Guerra, Raul"]
[Result "1/2-1/2"]
[Board "12"]
[WhiteClock "1:30"]
[WhiteElo "1499"]
[WhiteCountry "ESP"]
[WhiteFideId "24585009"]
[WhiteEloChange "8"]
[BlackClock "1:30"]
[BlackElo "1951"]
[BlackCountry "ESP"]
[BlackFideId "32078188"]
[BlackEloChange "-8"]

1. e4 {[%clk 1:30:00]} e6 {[%clk 1:30:00]} 2. d4 {[%clk 1:31:00]} d5 {[%clk
1:30:00]} 3. Nc3 {[%clk 1:31:00]} Nf6 {[%clk 1:31:00]} 4. e5 {[%clk 1:31:00]} Ne4
{[%clk 1:31:00]} 5. Nxe4 {[%clk 1:31:00]} dxe4 {[%clk 1:31:00]} 6. c3 {[%clk
1:30:00]} c5 {[%clk 1:30:00]} 7. Bc4 {[%clk 1:28:00]} Nc6 {[%clk 1:27:00]} 8. Ne2
{[%clk 1:28:00]} cxd4 {[%clk 1:22:00]} 9. cxd4 {[%clk 1:28:00]} Bb4+ {[%clk
1:23:00]} 10. Bd2 {[%clk 1:27:00]} Qb6 {[%clk 1:22:00]} 11. O-O {[%clk 1:21:00]}
O-O {[%clk 1:20:00]} 12. Bxb4 {[%clk 1:21:00]} Qxb4 {[%clk 1:20:00]} 13. Qb3
{[%clk 1:20:00]} Qxb3 {[%clk 1:16:00]} 14. Bxb3 {[%clk 1:21:00]} Rd8 {[%clk
1:14:00]} 15. Rfd1 {[%clk 1:19:00]} b6 {[%clk 1:13:00]} 16. Bc2 {[%clk 1:11:00]}
Ba6 {[%clk 1:03:00]} 17. Ng3 {[%clk 0:28:00]} Nxd4 {[%clk 1:01:00]} 18. Bxe4
{[%clk 0:28:00]} Rac8 {[%clk 1:01:00]} 19. Rac1 {[%clk 0:20:00]} f5 {[%clk
0:57:00]} 20. exf6 {[%clk 0:19:46]} gxf6 {[%clk 0:57:00]} 21. h3 {[%clk 0:17:42]}
Rxc1 {[%clk 0:58:00]} 22. Rxc1 {[%clk 0:17:59]} f5 {[%clk 0:58:00]} 23. Bf3
{[%clk 0:14:52]} Nxf3+ {[%clk 0:34:00]} 24. gxf3 {[%clk 0:15:20]} Rd2 {[%clk
0:35:00]} 25. Rc7 {[%clk 0:13:18]} Rxb2 {[%clk 0:32:00]} 26. Rxa7 {[%clk
0:13:24]} Bb5 {[%clk 0:31:00]} 27. Nh5 {[%clk 0:12:20]} h6 {[%clk 0:31:00]} 28.
Nf6+ {[%clk 0:11:04]} Kf8 {[%clk 0:30:00]} 29. Nd7+ {[%clk 0:10:14]} Bxd7 {[%clk
0:31:00]} 30. Rxd7 {[%clk 0:10:43]} Rxa2 {[%clk 0:27:00]} 31. Rd6 {[%clk
0:11:12]} Rb2 {[%clk 0:27:00]} 32. Rxe6 {[%clk 0:11:20]} Kg7 {[%clk 0:26:00]} 33.
Kg2 {[%clk 0:11:09]} b5 {[%clk 0:17:29]} 34. Rb6 {[%clk 0:11:21]} f4 {[%clk
0:16:55]} 35. h4 {[%clk 0:10:15]} h5 {[%clk 0:17:08]} 36. Rb7+ {[%clk 0:09:48]}
Kf6 {[%clk 0:15:28]} 37. Rb6+ {[%clk 0:08:52]} Ke5 {[%clk 0:12:50]} 38. Rh6
{[%clk 0:08:56]} b4 {[%clk 0:13:12]} 39. Rxh5+ {[%clk 0:13:39]} Kd4 {[%clk
0:06:04]} 40. Rb5 {[%clk 0:06:36]} Kc4 {[%clk 0:05:52]} 41. Rb8 {[%clk 0:06:37]}
Ra2 {[%clk 0:05:47]} 42. Rc8+ {[%clk 0:06:37]} Kb5 {[%clk 0:05:47]} 43. Rb8+
{[%clk 0:06:37]} Kc5 {[%clk 0:05:47]} 44. Rc8+ {[%clk 0:06:37]} Kd5 {[%clk
0:05:47]} 45. Rb8 {[%clk 0:05:31]} Kc4 {[%clk 0:05:47]} 1/2-1/2

[Event "Campeonato España Sub 12"]
[Site "Salobreña"]
[Date "2017.07.14"]
[Round "8"]
[White "Pedchenko, Alex"]
[Black "Roldan Marques, Marta"]
[Result "1-0"]
[Board "13"]
[WhiteClock "1:30"]
[WhiteElo "1734"]
[WhiteCountry "ESP"]
[WhiteFideId "24522732"]
[WhiteEloChange "4"]
[BlackClock "1:30"]
[BlackElo "1498"]
[BlackCountry "ESP"]
[BlackFideId "32099436"]
[BlackEloChange "-4"]

1. d4 {[%clk 1:30:00]} d5 {[%clk 1:30:00]} 2. Nf3 {[%clk 1:31:00]} Nf6 {[%clk
1:30:00]} 3. g3 {[%clk 1:31:00]} Bf5 {[%clk 1:28:00]} 4. Bg2 {[%clk 1:31:00]} Qd7
{[%clk 1:27:00]} 5. O-O {[%clk 1:30:00]} Bh3 {[%clk 1:26:00]} 6. c4 {[%clk
1:29:00]} Bxg2 {[%clk 1:25:00]} 7. Kxg2 {[%clk 1:30:00]} g6 {[%clk 1:24:00]} 8.
cxd5 {[%clk 1:30:00]} Bg7 {[%clk 1:16:00]} 9. Nc3 {[%clk 1:25:00]} Nxd5 {[%clk
1:07:00]} 10. e4 {[%clk 1:25:00]} Nxc3 {[%clk 1:07:00]} 11. bxc3 {[%clk 1:25:00]}
Nc6 {[%clk 1:05:00]} 12. Be3 {[%clk 1:19:00]} Na5 {[%clk 0:56:00]} 13. Qe2 {[%clk
1:19:00]} Qc6 {[%clk 0:47:00]} 14. Rfc1 {[%clk 1:16:00]} Nc4 {[%clk 0:40:00]} 15.
Rab1 {[%clk 1:15:00]} Rb8 {[%clk 0:36:00]} 16. Rb4 {[%clk 1:13:00]} Nxe3+ {[%clk
0:34:00]} 17. Qxe3 {[%clk 1:13:00]} O-O {[%clk 0:26:00]} 18. c4 {[%clk 1:07:00]}
Qd6 {[%clk 0:19:57]} 19. Rcb1 {[%clk 1:06:00]} b6 {[%clk 0:18:04]} 20. e5 {[%clk
1:05:00]} Qd7 {[%clk 0:15:07]} 21. a4 {[%clk 1:02:00]} e6 {[%clk 0:08:50]} 22. a5
{[%clk 1:01:00]} f6 {[%clk 0:08:34]} 23. axb6 {[%clk 1:01:00]} Rxb6 {[%clk
0:08:20]} 24. Rxb6 {[%clk 1:01:00]} axb6 {[%clk 0:08:46]} 25. exf6 {[%clk
1:01:00]} Bxf6 {[%clk 0:09:02]} 26. Re1 {[%clk 1:01:00]} Kf7 {[%clk 0:07:37]} 27.
Qh6 {[%clk 0:50:00]} Kg8 {[%clk 0:06:07]} 28. Qh3 {[%clk 0:50:00]} Bxd4 {[%clk
0:02:32]} 29. Qg4 {[%clk 0:38:00]} Bc5 {[%clk 0:01:31]} 30. Rxe6 {[%clk 0:37:00]}
Qd3 {[%clk 0:01:04]} 31. Re4 {[%clk 0:35:00]} Qc2 {[%clk 0:01:08]} 32. Qe6+
{[%clk 0:36:00]} Kh8 {[%clk 0:00:54]} 33. Re2 {[%clk 0:34:00]} Qb3 {[%clk
0:00:39]} 34. Ng5 {[%clk 0:33:00]} Qc3 {[%clk 0:00:44]} 35. Qd7 {[%clk 0:33:00]}
Qg7 {[%clk 0:00:52]} 36. Qxg7+ {[%clk 0:34:00]} Kxg7 {[%clk 0:01:21]} 37. Ne6+
{[%clk 0:34:00]} Kf7 {[%clk 0:01:40]} 38. Nxf8 {[%clk 0:35:00]} Kxf8 {[%clk
0:02:11]} 39. f4 {[%clk 0:34:00]} Kf7 {[%clk 0:02:29]} 40. Kf3 {[%clk 0:34:00]}
Kf6 {[%clk 0:02:51]} 41. g4 {[%clk 0:35:00]} Bd6 {[%clk 0:02:58]} 42. Ke4 {[%clk
0:34:00]} h6 {[%clk 0:03:06]} 43. h4 {[%clk 0:35:00]} g5 {[%clk 0:03:07]} 44.
hxg5+ {[%clk 0:34:00]} hxg5 {[%clk 0:03:32]} 45. f5 {[%clk 0:35:00]} Bf4 {[%clk
0:03:34]} 46. Kd5 {[%clk 0:35:00]} Bd6 {[%clk 0:03:57]} 47. Re6+ {[%clk 0:35:00]}
Kf7 {[%clk 0:04:22]} 48. Rxd6 {[%clk 0:35:00]} 1-0

[Event "Campeonato España Sub 12"]
[Site "Salobreña"]
[Date "2017.07.14"]
[Round "8"]
[White "Jimenez Munoz, Nicolas"]
[Black "Casares Bonals, Ainhoa"]
[Result "1/2-1/2"]
[Board "14"]
[WhiteClock "1:30"]
[WhiteElo "1709"]
[WhiteCountry "ESP"]
[WhiteFideId "32092172"]
[WhiteEloChange "-7"]
[BlackClock "1:30"]
[BlackElo "1421"]
[BlackCountry "ESP"]
[BlackFideId "24561304"]
[BlackEloChange "7"]

1. e4 {[%clk 1:30:00]} c5 {[%clk 1:30:00]} 2. d4 {[%clk 1:31:00]} cxd4 {[%clk
1:30:00]} 3. c3 {[%clk 1:31:00]} Nf6 {[%clk 1:30:00]} 4. e5 {[%clk 1:31:00]} Nd5
{[%clk 1:30:00]} 5. cxd4 {[%clk 1:32:00]} e6 {[%clk 1:29:00]} 6. Bc4 {[%clk
1:31:00]} Qc7 {[%clk 1:27:00]} 7. Bb3 {[%clk 1:31:00]} b6 {[%clk 1:27:00]} 8. Nf3
{[%clk 1:30:00]} Bb7 {[%clk 1:26:00]} 9. O-O {[%clk 1:30:00]} Be7 {[%clk
1:25:00]} 10. Bd2 {[%clk 1:25:00]} O-O {[%clk 1:23:00]} 11. Nc3 {[%clk 1:24:00]}
Nxc3 {[%clk 1:20:00]} 12. bxc3 {[%clk 1:24:00]} d6 {[%clk 1:16:00]} 13. Bc2
{[%clk 1:17:00]} Nd7 {[%clk 1:16:00]} 14. exd6 {[%clk 1:17:00]} Bxd6 {[%clk
1:16:00]} 15. h3 {[%clk 1:15:00]} Bf4 {[%clk 1:14:00]} 16. Bxf4 {[%clk 1:12:00]}
Qxf4 {[%clk 1:13:00]} 17. Qd2 {[%clk 1:08:00]} Qxd2 {[%clk 1:08:00]} 18. Nxd2
{[%clk 1:09:00]} Rfc8 {[%clk 1:06:00]} 19. Rac1 {[%clk 1:08:00]} Rc7 {[%clk
1:03:00]} 20. Be4 {[%clk 1:07:00]} Rac8 {[%clk 1:03:00]} 21. Bxb7 {[%clk
1:07:00]} Rxb7 {[%clk 1:03:00]} 22. Ne4 {[%clk 1:07:00]} Rbc7 {[%clk 1:03:00]}
23. Rc2 {[%clk 1:07:00]} Nb8 {[%clk 1:03:00]} 24. Rfc1 {[%clk 1:07:00]} Nc6
{[%clk 1:03:00]} 25. Nd6 {[%clk 1:07:00]} Rd8 {[%clk 1:03:00]} 26. Nb5 {[%clk
1:07:00]} Rcd7 {[%clk 1:03:00]} 27. f4 {[%clk 1:07:00]} a6 {[%clk 1:03:00]} 28.
Na3 {[%clk 1:07:00]} b5 {[%clk 1:03:00]} 29. Rb2 {[%clk 1:01:00]} b4 {[%clk
0:38:00]} 30. cxb4 {[%clk 1:00:00]} Nxd4 {[%clk 0:38:00]} 31. b5 {[%clk 0:58:00]}
axb5 {[%clk 0:27:00]} 32. Nxb5 {[%clk 0:57:00]} Nxb5 {[%clk 0:27:00]} 33. Rxb5
{[%clk 0:57:00]} Rd2 {[%clk 0:23:00]} 34. Ra1 {[%clk 0:56:00]} g6 {[%clk
0:23:00]} 1/2-1/2

[Event "Campeonato España Sub 12"]
[Site "Salobreña"]
[Date "2017.07.14"]
[Round "8"]
[White "Sanmartin Hernandez, Joan"]
[Black "Habans Aguerrea, Javier"]
[Result "0-1"]
[Board "15"]
[WhiteClock "1:30"]
[WhiteElo "1409"]
[WhiteCountry "ESP"]
[WhiteFideId "32082177"]
[WhiteEloChange "-4"]
[BlackClock "1:30"]
[BlackElo "1676"]
[BlackCountry "ESP"]
[BlackFideId "24524689"]
[BlackEloChange "4"]

1. d4 {[%clk 1:30:00]} g6 {[%clk 1:30:00]} 2. c4 {[%clk 1:30:00]} Bg7 {[%clk
1:30:00]} 3. e4 {[%clk 1:29:00]} Nc6 {[%clk 1:30:00]} 4. d5 {[%clk 1:29:00]} Nd4
{[%clk 1:31:00]} 5. Nc3 {[%clk 1:28:00]} c5 {[%clk 1:29:00]} 6. Be3 {[%clk
1:25:00]} e5 {[%clk 1:27:00]} 7. Nge2 {[%clk 1:23:00]} d6 {[%clk 1:27:00]} 8. Ng3
{[%clk 1:13:00]} Ne7 {[%clk 1:18:00]} 9. h4 {[%clk 1:08:00]} h5 {[%clk 1:08:00]}
10. Bd3 {[%clk 1:04:00]} O-O {[%clk 1:07:00]} 11. Qd2 {[%clk 1:02:00]} f5 {[%clk
1:07:00]} 12. O-O-O {[%clk 0:57:00]} f4 {[%clk 1:06:00]} 13. Bxd4 {[%clk
0:53:00]} cxd4 {[%clk 1:07:00]} 14. Nge2 {[%clk 0:50:00]} dxc3 {[%clk 1:07:00]}
15. Nxc3 {[%clk 0:50:00]} Kh7 {[%clk 1:06:00]} 16. Be2 {[%clk 0:50:00]} f3 {[%clk
1:06:00]} 17. Bxf3 {[%clk 0:49:00]} Bh6 {[%clk 1:06:00]} 0-1

[Event "Campeonato España Sub 12"]
[Site "Salobreña"]
[Date "2017.07.14"]
[Round "8"]
[White "Karunanithi, Bharath"]
[Black "Canadas Martin, Borja"]
[Result "1-0"]
[Board "16"]
[WhiteClock "1:30"]
[WhiteElo "1457"]
[WhiteCountry "ESP"]
[WhiteFideId "24534790"]
[WhiteEloChange "15"]
[BlackClock "1:30"]
[BlackElo "1667"]
[BlackCountry "ESP"]
[BlackFideId "24538396"]
[BlackEloChange "-15"]

1. d4 {[%clk 1:30:00]} Nf6 {[%clk 1:30:00]} 2. c4 {[%clk 1:31:00]} g6 {[%clk
1:30:00]} 3. Nf3 {[%clk 1:31:00]} Bg7 {[%clk 1:30:00]} 4. Nc3 {[%clk 1:30:00]}
O-O {[%clk 1:30:00]} 5. Bf4 {[%clk 1:29:00]} d6 {[%clk 1:30:00]} 6. e3 {[%clk
1:29:00]} Nbd7 {[%clk 1:29:00]} 7. h3 {[%clk 1:29:00]} c6 {[%clk 1:28:00]} 8. Be2
{[%clk 1:29:00]} Qe8 {[%clk 1:27:00]} 9. g4 {[%clk 1:22:00]} e5 {[%clk 1:21:00]}
10. dxe5 {[%clk 1:21:00]} dxe5 {[%clk 1:22:00]} 11. Bg3 {[%clk 1:21:00]} Qe7
{[%clk 1:20:00]} 12. Qc2 {[%clk 1:19:00]} h6 {[%clk 1:08:00]} 13. Nh2 {[%clk
1:16:00]} Nc5 {[%clk 1:03:00]} 14. O-O-O {[%clk 1:14:00]} Ne8 {[%clk 0:49:00]}
15. h4 {[%clk 0:44:00]} a5 {[%clk 0:49:00]} 16. Bd3 {[%clk 0:44:00]} Nc7 {[%clk
0:49:00]} 17. Kb1 {[%clk 0:44:00]} a4 {[%clk 0:49:00]} 18. a3 {[%clk 0:44:00]}
Be6 {[%clk 0:49:00]} 19. f4 {[%clk 0:44:00]} b5 {[%clk 0:49:00]} 20. f5 {[%clk
0:44:00]} Nxd3 {[%clk 0:49:00]} 21. fxe6 {[%clk 0:44:00]} Nc5 {[%clk 0:49:00]}
22. exf7+ {[%clk 0:44:00]} Rxf7 {[%clk 0:49:00]} 23. cxb5 {[%clk 0:44:00]} cxb5
{[%clk 0:49:00]} 24. Qxg6 {[%clk 0:44:00]} Rf6 {[%clk 0:49:00]} 25. Qc2 {[%clk
0:29:00]} Raf8 {[%clk 0:49:00]} 26. Rhf1 {[%clk 0:29:00]} Rxf1 {[%clk 0:49:00]}
27. Rxf1 {[%clk 0:29:00]} Rxf1+ {[%clk 0:49:00]} 28. Nxf1 {[%clk 0:29:00]} Qf8
{[%clk 0:49:00]} 29. Nd2 {[%clk 0:29:00]} Qc8 {[%clk 0:49:00]} 30. Nxb5 {[%clk
0:29:00]} Nxb5 {[%clk 0:49:00]} 31. Qc4+ {[%clk 0:29:00]} Qe6 {[%clk 0:49:00]}
32. Qxb5 {[%clk 0:29:00]} Qxg4 {[%clk 0:49:00]} 33. Qc4+ {[%clk 0:28:00]} Qxc4
{[%clk 0:12:51]} 34. Nxc4 {[%clk 0:28:00]} e4 {[%clk 0:12:40]} 35. Kc2 {[%clk
0:26:00]} Kf7 {[%clk 0:11:57]} 36. Na5 {[%clk 0:24:00]} Ke6 {[%clk 0:11:50]} 37.
b4 {[%clk 0:24:00]} Nd3 {[%clk 0:11:28]} 38. b5 {[%clk 0:25:00]} Be5 {[%clk
0:11:08]} 39. Bxe5 {[%clk 0:24:00]} Kxe5 {[%clk 0:11:08]} 40. b6 {[%clk 0:24:00]}
Kd6 {[%clk 0:11:08]} 41. b7 {[%clk 0:24:00]} Kc7 {[%clk 0:11:08]} 42. Kc3 {[%clk
0:24:00]} Ne5 {[%clk 0:11:08]} 43. Kb4 {[%clk 0:24:00]} Ng4 {[%clk 0:11:08]} 44.
Kb5 {[%clk 0:24:00]} Ne5 {[%clk 0:11:08]} 45. Kxa4 {[%clk 0:24:00]} Nd7 {[%clk
0:11:08]} 46. Kb5 {[%clk 0:24:00]} Nb8 {[%clk 0:11:08]} 47. a4 {[%clk 0:24:00]}
Nd7 {[%clk 0:11:08]} 48. Nb3 {[%clk 0:24:00]} Kxb7 {[%clk 0:11:08]} 49. Nc5+
{[%clk 0:24:00]} 1-0

[Event "Campeonato España Sub 12"]
[Site "Salobreña"]
[Date "2017.07.14"]
[Round "8"]
[White "Casares Bonals, Asier"]
[Black "Vergara Anton, Diego"]
[Result "0-1"]
[Board "17"]
[WhiteClock "1:30"]
[WhiteElo "1441"]
[WhiteCountry "ESP"]
[WhiteFideId "24561312"]
[WhiteEloChange "-5"]
[BlackClock "1:30"]
[BlackElo "1628"]
[BlackCountry "ESP"]
[BlackFideId "24524310"]
[BlackEloChange "5"]

1. e4 {[%clk 1:30:00]} e6 {[%clk 1:30:00]} 2. d4 {[%clk 1:30:00]} d5 {[%clk
1:31:00]} 3. Nd2 {[%clk 1:31:00]} Nf6 {[%clk 1:31:00]} 4. e5 {[%clk 1:31:00]}
Nfd7 {[%clk 1:31:00]} 5. Bd3 {[%clk 1:31:00]} b6 {[%clk 1:30:00]} 6. Ne2 {[%clk
1:30:00]} Ba6 {[%clk 1:29:00]} 7. Nf3 {[%clk 1:26:00]} c5 {[%clk 1:27:00]} 8. c3
{[%clk 1:24:00]} Bxd3 {[%clk 1:25:00]} 9. Qxd3 {[%clk 1:24:00]} Be7 {[%clk
1:24:00]} 10. O-O {[%clk 1:23:00]} O-O {[%clk 1:24:00]} 11. Bf4 {[%clk 1:21:00]}
Nc6 {[%clk 1:23:00]} 12. Rac1 {[%clk 1:18:00]} Qc7 {[%clk 1:14:00]} 13. Rfe1
{[%clk 1:17:00]} Qb7 {[%clk 1:12:00]} 14. Bg5 {[%clk 1:15:00]} Rfc8 {[%clk
1:08:00]} 15. Bxe7 {[%clk 1:15:00]} Nxe7 {[%clk 1:09:00]} 16. Ng5 {[%clk
1:10:00]} Nf8 {[%clk 1:07:00]} 17. Qg3 {[%clk 1:08:00]} Nf5 {[%clk 1:03:00]} 18.
Qg4 {[%clk 1:07:00]} h6 {[%clk 1:00:00]} 19. Nh3 {[%clk 1:03:00]} Qe7 {[%clk
0:57:00]} 20. Nhf4 {[%clk 1:01:00]} Qh4 {[%clk 0:56:00]} 21. Qxh4 {[%clk
1:00:00]} Nxh4 {[%clk 0:56:00]} 22. Nd3 {[%clk 0:58:00]} Nd7 {[%clk 0:55:00]} 23.
f4 {[%clk 0:57:00]} c4 {[%clk 0:50:00]} 24. Nb4 {[%clk 0:57:00]} a5 {[%clk
0:49:00]} 25. Nc2 {[%clk 0:56:00]} b5 {[%clk 0:47:00]} 26. g4 {[%clk 0:53:00]}
Nf3+ {[%clk 0:47:00]} 27. Kg2 {[%clk 0:52:00]} Nxe1+ {[%clk 0:47:00]} 28. Rxe1
{[%clk 0:52:00]} Rab8 {[%clk 0:46:00]} 29. a3 {[%clk 0:52:00]} Nb6 {[%clk
0:44:00]} 30. h4 {[%clk 0:49:00]} Na4 {[%clk 0:43:00]} 31. Rb1 {[%clk 0:49:00]}
Rf8 {[%clk 0:41:00]} 32. f5 {[%clk 0:46:00]} h5 {[%clk 0:39:00]} 33. g5 {[%clk
0:42:00]} exf5 {[%clk 0:37:00]} 34. Ng3 {[%clk 0:43:00]} f6 {[%clk 0:34:00]} 35.
gxf6 {[%clk 0:41:00]} gxf6 {[%clk 0:35:00]} 36. Nxf5 {[%clk 0:40:00]} fxe5 {[%clk
0:34:00]} 37. Ne7+ {[%clk 0:40:00]} Kh7 {[%clk 0:33:00]} 38. dxe5 {[%clk
0:41:00]} Rb7 {[%clk 0:30:00]} 39. Nxd5 {[%clk 0:40:00]} Rg7+ {[%clk 0:31:00]}
40. Kh3 {[%clk 0:40:00]} Rf3+ {[%clk 0:31:00]} 41. Kh2 {[%clk 0:40:00]} Rf2+
{[%clk 0:31:00]} 42. Kh3 {[%clk 0:41:00]} Rxc2 {[%clk 0:31:00]} 43. Re1 {[%clk
0:41:00]} Rcg2 {[%clk 0:26:00]} 44. Re3 {[%clk 0:40:00]} Nc5 {[%clk 0:26:00]} 45.
Nf4 {[%clk 0:39:00]} Ne4 {[%clk 0:19:29]} 46. Nxg2 {[%clk 0:37:00]} Nf2+ {[%clk
0:19:55]} 47. Kh2 {[%clk 0:37:00]} Ng4+ {[%clk 0:20:00]} 48. Kh3 {[%clk 0:36:00]}
Nxe3 {[%clk 0:20:00]} 49. Nxe3 {[%clk 0:37:00]} Re7 {[%clk 0:19:56]} 50. Kg3
{[%clk 0:33:00]} Rxe5 {[%clk 0:19:55]} 51. Kf4 {[%clk 0:33:00]} Re8 {[%clk
0:19:55]} 52. Nf5 {[%clk 0:33:00]} Re2 {[%clk 0:19:55]} 53. Kg5 {[%clk 0:33:00]}
Rxb2 {[%clk 0:20:00]} 54. Nd6 {[%clk 0:33:00]} Rb3 {[%clk 0:19:59]} 55. Kxh5
{[%clk 0:32:00]} Rxa3 {[%clk 0:20:00]} 56. Nxb5 {[%clk 0:33:00]} Rb3 {[%clk
0:20:00]} 57. Nd4 {[%clk 0:30:00]} Rxc3 {[%clk 0:30:00]} 58. Nb5 {[%clk 0:20:00]}
Rd3 {[%clk 0:30:00]} 59. Kg5 {[%clk 0:20:00]} Rd5+ {[%clk 0:30:00]} 0-1

[Event "Campeonato España Sub 12"]
[Site "Salobreña"]
[Date "2017.07.14"]
[Round "8"]
[White "Llena Velarde, David"]
[Black "Crespo Diaz, David"]
[Result "0-1"]
[Board "18"]
[WhiteClock "1:30"]
[WhiteElo "1642"]
[WhiteCountry "ESP"]
[WhiteFideId "32092024"]
[WhiteEloChange "-16"]
[BlackClock "1:30"]
[BlackElo "1377"]
[BlackCountry "ESP"]
[BlackFideId "24516465"]
[BlackEloChange "16"]

1. e4 {[%clk 1:30:00]} c5 {[%clk 1:30:00]} 2. Nf3 {[%clk 1:30:00]} e6 {[%clk
1:31:00]} 3. d4 {[%clk 1:30:00]} cxd4 {[%clk 1:31:00]} 4. Nxd4 {[%clk 1:30:00]}
a6 {[%clk 1:31:00]} 5. Be2 {[%clk 1:26:00]} Qc7 {[%clk 1:31:00]} 6. O-O {[%clk
1:24:00]} Nc6 {[%clk 1:30:00]} 7. Nc3 {[%clk 1:22:00]} Nf6 {[%clk 1:29:00]} 8. a4
{[%clk 1:17:00]} Bb4 {[%clk 1:27:00]} 9. f3 {[%clk 1:14:00]} Nxd4 {[%clk
1:27:00]} 10. Be3 {[%clk 1:14:00]} Nxe2+ {[%clk 1:27:00]} 11. Nxe2 {[%clk
1:10:00]} Bc5 {[%clk 1:18:00]} 12. Nd4 {[%clk 1:10:00]} e5 {[%clk 1:17:00]} 13.
Nf5 {[%clk 1:08:00]} g6 {[%clk 1:13:00]} 14. Kh1 {[%clk 1:04:00]} gxf5 {[%clk
1:13:00]} 15. Bg5 {[%clk 1:05:00]} Bb4 {[%clk 0:56:00]} 16. exf5 {[%clk 1:03:00]}
d6 {[%clk 0:56:00]} 17. f4 {[%clk 1:03:00]} Bd7 {[%clk 0:55:00]} 18. Re1 {[%clk
1:02:00]} O-O-O {[%clk 0:55:00]} 19. Ra3 {[%clk 1:02:00]} Kb8 {[%clk 0:55:00]}
20. Rae3 {[%clk 1:02:00]} Ng8 {[%clk 0:53:00]} 21. Be7 {[%clk 1:02:00]} Nxe7
{[%clk 0:53:00]} 22. fxe5 {[%clk 1:02:00]} dxe5 {[%clk 0:53:00]} 23. Rxe5 {[%clk
1:02:00]} Bc6 {[%clk 0:46:00]} 24. Qh5 {[%clk 0:59:00]} Rhg8 {[%clk 0:46:00]} 25.
R5e2 {[%clk 0:59:00]} Nd5 {[%clk 0:45:00]} 26. Rf2 {[%clk 0:54:00]} Nf4 {[%clk
0:43:00]} 27. Rxf4 {[%clk 0:54:00]} Qxf4 {[%clk 0:43:00]} 0-1

[Event "Campeonato España Sub 12"]
[Site "Salobreña"]
[Date "2017.07.14"]
[Round "8"]
[White "Roca Planas, Edgar"]
[Black "Bagur Bosch, Maria"]
[Result "1-0"]
[Board "19"]
[WhiteClock "1:30"]
[WhiteElo "1578"]
[WhiteCountry "ESP"]
[WhiteFideId "24561290"]
[WhiteEloChange "8"]
[BlackClock "1:30"]
[BlackElo "1498"]
[BlackCountry "ESP"]
[BlackFideId "24554022"]
[BlackEloChange "-8"]

1. Nf3 {[%clk 1:30:00]} c5 {[%clk 1:30:00]} 2. g3 {[%clk 1:31:00]} Nc6 {[%clk
1:30:00]} 3. Bg2 {[%clk 1:31:00]} g6 {[%clk 1:29:00]} 4. O-O {[%clk 1:31:00]} Bg7
{[%clk 1:29:00]} 5. d3 {[%clk 1:30:00]} Nf6 {[%clk 1:19:00]} 6. Nbd2 {[%clk
1:27:00]} O-O {[%clk 1:16:00]} 7. e4 {[%clk 1:27:00]} d6 {[%clk 1:13:00]} 8. Re1
{[%clk 1:25:00]} Bg4 {[%clk 1:12:00]} 9. h3 {[%clk 1:24:00]} Bxf3 {[%clk
1:09:00]} 10. Nxf3 {[%clk 1:24:00]} Nd7 {[%clk 1:09:00]} 11. c3 {[%clk 1:24:00]}
Rb8 {[%clk 1:09:00]} 12. a4 {[%clk 1:24:00]} a6 {[%clk 1:09:00]} 13. Be3 {[%clk
1:24:00]} b5 {[%clk 1:09:00]} 14. axb5 {[%clk 1:24:00]} axb5 {[%clk 1:09:00]} 15.
Nh2 {[%clk 1:24:00]} b4 {[%clk 1:09:00]} 16. Qc2 {[%clk 1:04:00]} Qb6 {[%clk
0:37:00]} 17. Reb1 {[%clk 1:01:00]} Ra8 {[%clk 0:33:00]} 18. f4 {[%clk 0:45:00]}
Rxa1 {[%clk 0:31:00]} 19. Rxa1 {[%clk 0:45:00]} Rb8 {[%clk 0:29:00]} 20. Rc1
{[%clk 0:31:00]} Ra8 {[%clk 0:21:00]} 21. Nf3 {[%clk 0:22:00]} Ra2 {[%clk
0:17:17]} 22. Qb3 {[%clk 0:18:11]} Qa6 {[%clk 0:11:27]} 23. Ng5 {[%clk 0:15:17]}
Nd8 {[%clk 0:10:00]} 24. Bf1 {[%clk 0:14:10]} bxc3 {[%clk 0:05:11]} 25. d4 {[%clk
0:08:34]} Qa4 {[%clk 0:04:02]} 26. Qxa4 {[%clk 0:08:56]} Rxa4 {[%clk 0:04:18]}
27. bxc3 {[%clk 0:09:19]} Ra3 {[%clk 0:01:15]} 28. Kf2 {[%clk 0:07:49]} cxd4
{[%clk 0:01:03]} 29. cxd4 {[%clk 0:08:12]} Ra2+ {[%clk 0:01:30]} 30. Kf3 {[%clk
0:08:24]} Ra8 {[%clk 0:01:59]} 31. Rc7 {[%clk 0:08:19]} Nf8 {[%clk 0:01:05]} 32.
e5 {[%clk 0:07:37]} dxe5 {[%clk 0:00:51]} 33. dxe5 {[%clk 0:07:32]} f6 {[%clk
0:00:51]} 34. Bc4+ {[%clk 0:07:34]} e6 {[%clk 0:00:51]} 35. exf6 {[%clk 0:07:49]}
Bxf6 {[%clk 0:01:20]} 36. Ne4 {[%clk 0:07:27]} Bg7 {[%clk 0:00:57]} 37. Nc5
{[%clk 0:04:37]} Kh8 {[%clk 0:00:49]} 38. Re7 {[%clk 0:04:02]} Rc8 {[%clk
0:00:42]} 39. Bxe6 {[%clk 0:03:31]} Ndxe6 {[%clk 0:00:43]} 40. Nxe6 {[%clk
0:03:53]} Nxe6 {[%clk 0:01:04]} 41. Rxe6 {[%clk 0:04:18]} Kg8 {[%clk 0:01:16]}
42. Rd6 {[%clk 0:03:57]} Rc3 {[%clk 0:00:56]} 43. Ke4 {[%clk 0:03:41]} Rc4+
{[%clk 0:00:42]} 44. Bd4 {[%clk 0:03:39]} Bxd4 {[%clk 0:00:51]} 45. Rxd4 {[%clk
0:04:04]} Rc3 {[%clk 0:01:14]} 46. Rd3 {[%clk 0:04:23]} Rc1 {[%clk 0:01:33]} 47.
Ke5 {[%clk 0:04:26]} Rc7 {[%clk 0:00:47]} 48. Rd6 {[%clk 0:04:14]} Re7+ {[%clk
0:00:42]} 49. Kf6 {[%clk 0:03:51]} Rf7+ {[%clk 0:01:04]} 50. Ke6 {[%clk 0:04:16]}
Rf5 {[%clk 0:00:36]} 51. Rd8+ {[%clk 0:04:25]} Rf8 {[%clk 0:00:45]} 52. Rxf8+
{[%clk 0:04:50]} Kxf8 {[%clk 0:01:14]} 53. g4 {[%clk 0:05:07]} Kg7 {[%clk
0:00:35]} 54. Ke7 {[%clk 0:04:29]} Kg8 {[%clk 0:00:32]} 55. f5 {[%clk 0:04:29]}
1-0